[Event "2013"]
[Site "?"]
[Date "2013.04.21"]
[Round "1.2"]
[White "Almasi, Zoltan"]
[Black "Dominguez Perez, Leinier"]
[Result "1/2-1/2"]
[LiveChessVersion "1.3.1"]
[BlackElo "2723"]
[WhiteElo "2689"]

1. Nf3 {[%clk 1:30:46]} c5 {[%clk 1:28:27]} 2. c4 {[%clk 1:29:41]} Nc6
{[%clk 1:26:54]} 3. Nc3 {[%clk 1:29:56]} g6 4. g3 {[%clk 1:22:48]} Bg7
{[%clk 1:23:31]} 5. Bg2 d6 {[%clk 1:21:24]} 6. O-O {[%clk 1:22:08]} e6
{[%clk 1:21:44]} 7. a3 {[%clk 1:01:59]} Nge7 {[%clk 1:19:20]} 8. b4
{[%clk 0:59:35]} O-O {[%clk 1:16:57]} 9. Rb1 {[%clk 0:53:53]} Rb8 10. Bb2 cxb4
{[%clk 1:03:27]} 11. axb4 {[%clk 0:54:19]} Nxb4 {[%clk 1:00:31]} 12. Nb5
{[%clk 0:43:49]} Nbc6 {[%clk 1:00:53]} 13. Bxg7 {[%clk 0:42:49]} Kxg7 14. Qc1
{[%clk 0:37:52]} a6 {[%clk 1:00:13]} 15. Nc3 {[%clk 0:34:58]} d5 16. d3 dxc4
{[%clk 0:39:01]} 17. dxc4 {[%clk 0:35:21]} Qa5 {[%clk 0:35:53]} 18. Qb2
{[%clk 0:22:42]} e5 {[%clk 0:21:35]} 19. Nd5 f6 {[%clk 0:21:46]} 20. Nd2
{[%clk 0:17:28]} b5 21. Ra1 {[%clk 0:11:54]} Qd8 {[%clk 0:21:29]} 22. Nxe7
{[%clk 0:12:02]} Nxe7 {[%clk 0:21:51]} 23. Rfc1 {[%clk 0:08:44]} b4
{[%clk 0:09:32]} 24. c5 {[%clk 0:08:32]} Qc7 25. c6 {[%clk 0:04:45]} Rb5
{[%clk 0:07:52]} 26. Nb3 {[%clk 0:04:15]} a5 27. e3 {[%clk 0:04:29]} Rd8
{[%clk 0:04:06]} 28. Bf1 Rbd5 {[%clk 0:03:45]} 29. e4 {[%clk 0:04:36]} R5d6
{[%clk 0:04:06]} 30. Nxa5 {[%clk 0:04:54]} Nxc6 31. Nxc6 {[%clk 0:01:19]} Rxc6
{[%clk 0:02:41]} 32. Rxc6 {[%clk 0:02:12]} Qxc6 {[%clk 0:03:07]} 33. Qxb4 Qc7 34.
Qa5 {[%clk 0:01:22]} Qxa5 {[%clk 0:01:53]} 35. Rxa5 {[%clk 0:01:50]} Be6
{[%clk 0:01:43]} 36. Ra7+ {[%clk 0:02:14]} Rd7 {[%clk 0:02:07]} 37. Rxd7+
{[%clk 0:02:35]} Bxd7 {[%clk 0:02:35]} 1/2-1/2

[Event "2013"]
[Site "?"]
[Date "2013.04.21"]
[Round "1.3"]
[White "Quesada Perez, Yuniesky"]
[Black "Harikrishna, P."]
[Result "1/2-1/2"]
[LiveChessVersion "1.3.1"]
[BlackElo "2705"]
[WhiteElo "2608"]

1. e4 {[%clk 1:30:56]} c5 {[%clk 1:30:50]} 2. Nf3 {[%clk 1:31:20]} d6
{[%clk 1:31:15]} 3. d4 {[%clk 1:31:41]} cxd4 {[%clk 1:31:41]} 4. Nxd4
{[%clk 1:32:03]} Nf6 {[%clk 1:32:07]} 5. Nc3 {[%clk 1:32:25]} a6 {[%clk 1:32:32]}
6. h3 e5 {[%clk 1:30:25]} 7. Nde2 {[%clk 1:31:57]} h5 {[%clk 1:29:22]} 8. Bg5
{[%clk 1:32:01]} Be6 {[%clk 1:27:31]} 9. Bxf6 {[%clk 1:31:55]} Qxf6
{[%clk 1:24:04]} 10. Nd5 {[%clk 1:32:04]} Qd8 {[%clk 1:23:09]} 11. Nec3
{[%clk 1:31:53]} Nc6 {[%clk 1:22:50]} 12. Bc4 {[%clk 1:27:13]} Rc8
{[%clk 1:19:42]} 13. Ne3 {[%clk 1:19:24]} Be7 14. Ncd5 {[%clk 1:11:53]} Bg5
{[%clk 1:05:08]} 15. O-O {[%clk 1:08:33]} g6 {[%clk 0:58:35]} 16. c3
{[%clk 1:05:18]} O-O {[%clk 0:58:25]} 17. a4 {[%clk 1:00:09]} Kg7
{[%clk 0:53:42]} 18. Ba2 {[%clk 0:56:48]} b5 {[%clk 0:46:29]} 19. axb5
{[%clk 0:56:17]} axb5 {[%clk 0:46:52]} 20. Qe2 {[%clk 0:55:04]} Rb8
{[%clk 0:42:15]} 21. b4 {[%clk 0:52:34]} Qd7 {[%clk 0:42:04]} 22. Bb3
{[%clk 0:44:32]} Ne7 {[%clk 0:35:33]} 23. Rfd1 {[%clk 0:42:38]} Rfc8
{[%clk 0:30:47]} 24. Ra3 {[%clk 0:38:39]} Bxe3 {[%clk 0:24:48]} 25. Qxe3
{[%clk 0:38:23]} Bxd5 {[%clk 0:25:09]} 26. Bxd5 {[%clk 0:38:38]} Rc7
{[%clk 0:25:13]} 27. Ra6 {[%clk 0:27:10]} Nxd5 {[%clk 0:23:57]} 28. Rxd5
{[%clk 0:23:33]} Rc6 {[%clk 0:24:18]} 29. Ra3 {[%clk 0:18:16]} Qc7
{[%clk 0:21:39]} 30. f3 Rc4 31. Kh2 {[%clk 0:11:49]} Rb6 {[%clk 0:19:24]} 32. Qd2
{[%clk 0:09:44]} Rcc6 {[%clk 0:16:56]} 33. Qd3 {[%clk 0:09:01]} Rc4
{[%clk 0:16:25]} 34. Qd2 {[%clk 0:08:40]} Rcc6 {[%clk 0:16:17]} 35. Qd3
{[%clk 0:06:40]} 1/2-1/2

[Event "2013"]
[Site "?"]
[Date "2013.04.22"]
[Round "2.1"]
[White "Quesada Perez, Yuniesky"]
[Black "Almasi, Zoltan"]
[Result "1/2-1/2"]
[LiveChessVersion "1.3.1"]
[BlackElo "2689"]
[WhiteElo "2608"]

1. e4 {[%clk 1:30:57]} e5 {[%clk 1:30:50]} 2. Nf3 {[%clk 1:31:21]} Nc6
{[%clk 1:31:17]} 3. Bb5 {[%clk 1:31:43]} a6 {[%clk 1:31:28]} 4. Ba4
{[%clk 1:32:06]} Nf6 {[%clk 1:31:50]} 5. O-O {[%clk 1:32:21]} Be7
{[%clk 1:32:04]} 6. Re1 {[%clk 1:32:38]} b5 {[%clk 1:31:53]} 7. Bb3
{[%clk 1:33:02]} d6 {[%clk 1:31:44]} 8. c3 {[%clk 1:33:18]} O-O {[%clk 1:31:55]}
9. h3 {[%clk 1:33:42]} Re8 {[%clk 1:31:42]} 10. d4 {[%clk 1:32:33]} Bb7
{[%clk 1:32:06]} 11. Nbd2 {[%clk 1:32:44]} Bf8 {[%clk 1:32:13]} 12. d5
{[%clk 1:23:26]} Nb8 {[%clk 1:31:55]} 13. Nf1 {[%clk 1:19:28]} Nbd7
{[%clk 1:32:01]} 14. N3h2 {[%clk 1:12:42]} Nc5 {[%clk 1:28:42]} 15. Bc2
{[%clk 1:13:05]} c6 {[%clk 1:28:58]} 16. b4 {[%clk 1:13:23]} Ncd7
{[%clk 1:29:21]} 17. dxc6 {[%clk 1:13:41]} Bxc6 {[%clk 1:29:49]} 18. Bg5
{[%clk 1:13:19]} Qc7 {[%clk 1:26:07]} 19. Bxf6 {[%clk 1:11:30]} Nxf6
{[%clk 1:26:31]} 20. Ng4 {[%clk 1:11:39]} Nxg4 {[%clk 1:26:34]} 21. hxg4
{[%clk 1:09:50]} Be7 {[%clk 1:25:10]} 22. Bb3 {[%clk 1:05:47]} Bg5
{[%clk 1:25:25]} 23. Qf3 {[%clk 1:05:13]} Rf8 {[%clk 1:13:33]} 24. Ne3
{[%clk 1:01:55]} Bd7 {[%clk 0:53:49]} 25. Nd5 {[%clk 0:59:03]} Qb7
{[%clk 0:54:10]} 26. Qe2 {[%clk 0:43:59]} Be6 {[%clk 0:50:38]} 27. a4
{[%clk 0:41:18]} Rab8 {[%clk 0:37:07]} 28. g3 {[%clk 0:33:02]} Qc8
{[%clk 0:34:24]} 29. axb5 {[%clk 0:31:25]} axb5 {[%clk 0:34:39]} 30. Ra7
{[%clk 0:30:55]} Bxg4 {[%clk 0:33:46]} 31. Qd3 {[%clk 0:28:57]} Be6
{[%clk 0:25:22]} 32. Rea1 {[%clk 0:27:32]} Rb7 {[%clk 0:17:20]} 33. R1a5
{[%clk 0:25:09]} Rxa7 {[%clk 0:13:49]} 34. Rxa7 {[%clk 0:25:32]} Qc6
{[%clk 0:13:21]} 35. Ra5 {[%clk 0:20:05]} Rb8 {[%clk 0:13:07]} 36. Qe2 g6
{[%clk 0:10:52]} 37. Qa2 {[%clk 0:09:21]} Kg7 {[%clk 0:05:47]} 38. Ra6
{[%clk 0:03:15]} Qd7 {[%clk 0:06:13]} 39. Nb6 {[%clk 0:00:55]} Qc7
{[%clk 0:06:22]} 40. Nd5 {[%clk 0:30:48]} Qd7 {[%clk 0:33:23]} 41. Nb6
{[%clk 0:26:54]} Qc7 {[%clk 0:26:46]} 42. Nd5 {[%clk 0:25:47]} Bxd5
{[%clk 0:22:04]} 43. Bxd5 {[%clk 0:26:09]} Qxc3 {[%clk 0:22:31]} 44. Kg2
{[%clk 0:17:18]} Rc8 {[%clk 0:03:24]} 45. Ra7 {[%clk 0:13:06]} Rc7
{[%clk 0:03:48]} 46. Qa5 {[%clk 0:11:45]} Bd8 {[%clk 0:03:09]} 47. Rxc7
{[%clk 0:10:47]} Qxc7 {[%clk 0:03:38]} 48. Qxb5 {[%clk 0:10:48]} Qa7
{[%clk 0:02:54]} 49. Qb7 {[%clk 0:08:12]} Qxb7 {[%clk 0:02:20]} 50. Bxb7
{[%clk 0:08:36]} f5 {[%clk 0:01:24]} 51. f3 {[%clk 0:08:52]} h5 {[%clk 0:01:42]}
52. Bc6 {[%clk 0:07:26]} Kf6 {[%clk 0:02:05]} 53. Bd5 {[%clk 0:04:43]} Bb6
{[%clk 0:02:32]} 54. b5 {[%clk 0:04:39]} Kg5 {[%clk 0:02:32]} 55. Be6
{[%clk 0:04:33]} Bc5 {[%clk 0:02:35]} 56. Kh3 {[%clk 0:04:25]} Bd4
{[%clk 0:01:20]} 57. Kg2 {[%clk 0:04:22]} f4 58. gxf4+ {[%clk 0:01:46]} exf4
{[%clk 0:01:48]} 59. Bf7 {[%clk 0:01:59]} Kh6 {[%clk 0:01:39]} 60. Kh3
{[%clk 0:02:09]} Bb6 {[%clk 0:02:02]} 61. Be8 {[%clk 0:02:15]} Kg7
{[%clk 0:02:20]} 62. Kg2 {[%clk 0:02:30]} Bd4 63. Kh3 {[%clk 0:02:52]} Bc5
{[%clk 0:01:42]} 64. Kg2 {[%clk 0:03:14]} Bb6 {[%clk 0:02:11]} 65. Kh3
{[%clk 0:03:37]} Bd8 {[%clk 0:02:31]} 66. Kg2 {[%clk 0:03:58]} Kh6
{[%clk 0:02:57]} 67. Kh3 {[%clk 0:04:16]} g5 {[%clk 0:02:45]} 68. Bd7
{[%clk 0:03:50]} g4+ {[%clk 0:01:54]} 69. fxg4 {[%clk 0:04:15]} h4
{[%clk 0:02:22]} 70. g5+ {[%clk 0:01:23]} Kxg5 {[%clk 0:02:48]} 71. Kg2
{[%clk 0:01:49]} Kf6 {[%clk 0:02:51]} 72. Kf3 {[%clk 0:02:15]} Ke5
{[%clk 0:03:18]} 73. Bc8 {[%clk 0:02:37]} Bb6 {[%clk 0:03:30]} 74. Bd7
{[%clk 0:03:02]} Be3 {[%clk 0:02:37]} 75. Bc8 {[%clk 0:03:23]} Bb6
{[%clk 0:01:59]} 76. Bd7 {[%clk 0:03:46]} Bc7 {[%clk 0:02:24]} 77. Bc8
{[%clk 0:03:56]} d5 {[%clk 0:02:29]} 1/2-1/2

[Event "2013"]
[Site "?"]
[Date "2013.04.22"]
[Round "2.2"]
[White "Dominguez Perez, Leinier"]
[Black "Inarkiev, Ernesto"]
[Result "1/2-1/2"]
[LiveChessVersion "1.3.1"]
[BlackElo "2688"]
[WhiteElo "2723"]

1. e4 {[%clk 1:28:55]} e5 {[%clk 1:30:48]} 2. Nf3 {[%clk 1:29:15]} Nc6
{[%clk 1:31:13]} 3. Bb5 {[%clk 1:29:39]} a6 {[%clk 1:31:35]} 4. Ba4
{[%clk 1:30:02]} Nf6 {[%clk 1:32:00]} 5. O-O {[%clk 1:30:24]} Be7
{[%clk 1:32:20]} 6. d3 {[%clk 1:30:42]} b5 {[%clk 1:30:59]} 7. Bb3
{[%clk 1:31:05]} d6 {[%clk 1:31:23]} 8. a3 {[%clk 1:31:16]} O-O {[%clk 1:31:14]}
9. Nc3 {[%clk 1:31:31]} Bg4 {[%clk 1:09:58]} 10. Be3 {[%clk 1:31:41]} Nd4
{[%clk 1:08:24]} 11. Bxd4 {[%clk 1:32:01]} exd4 {[%clk 1:08:48]} 12. Nd5
{[%clk 1:32:23]} c5 {[%clk 1:07:53]} 13. h3 {[%clk 1:31:43]} Be6 {[%clk 1:07:37]}
14. Nf4 {[%clk 1:32:05]} Bxb3 {[%clk 1:03:02]} 15. cxb3 {[%clk 1:32:26]} Ne8
{[%clk 0:57:19]} 16. b4 {[%clk 1:27:15]} Nc7 {[%clk 0:54:14]} 17. Rc1
{[%clk 1:10:34]} a5 {[%clk 0:47:43]} 18. Qc2 {[%clk 0:57:50]} axb4
{[%clk 0:30:15]} 19. axb4 {[%clk 0:58:12]} Ra4 {[%clk 0:30:15]} 20. bxc5
{[%clk 0:39:47]} dxc5 {[%clk 0:30:38]} 21. Ra1 {[%clk 0:39:34]} Rxa1
{[%clk 0:25:19]} 22. Rxa1 {[%clk 0:40:02]} Qd6 {[%clk 0:25:06]} 23. g3
{[%clk 0:37:53]} g5 {[%clk 0:20:25]} 24. Nh5 {[%clk 0:35:15]} f5 {[%clk 0:20:07]}
25. exf5 {[%clk 0:34:12]} Rxf5 {[%clk 0:19:27]} 26. Nd2 {[%clk 0:34:13]} Qe6
{[%clk 0:15:19]} 27. Ne4 {[%clk 0:31:25]} c4 {[%clk 0:12:48]} 28. Re1
{[%clk 0:16:48]} Qf7 {[%clk 0:05:35]} 29. Qd1 {[%clk 0:16:28]} Ne6
{[%clk 0:05:57]} 30. dxc4 {[%clk 0:06:41]} bxc4 {[%clk 0:06:25]} 31. Qg4
{[%clk 0:07:05]} Nc5 {[%clk 0:03:45]} 32. Ra1 {[%clk 0:02:52]} Nxe4
{[%clk 0:01:48]} 33. Qxe4 {[%clk 0:03:21]} Rxf2 {[%clk 0:02:05]} 34. Qxd4
{[%clk 0:03:13]} Rf5 {[%clk 0:02:11]} 35. g4 {[%clk 0:00:52]} Rf3
{[%clk 0:01:05]} 36. Qe5 {[%clk 0:01:05]} h6 {[%clk 0:00:54]} 37. Re1
{[%clk 0:00:44]} Bf8 {[%clk 0:01:00]} 38. Rd1 {[%clk 0:00:33]} Qa7+
{[%clk 0:00:40]} 39. Kh1 {[%clk 0:01:02]} Qf7 {[%clk 0:00:58]} 40. Kg2
{[%clk 0:30:31]} Rf2+ {[%clk 0:30:51]} 41. Kg1 {[%clk 0:30:11]} Qa7
{[%clk 0:19:51]} 42. Rd7 {[%clk 0:27:14]} Qc5 {[%clk 0:14:49]} 43. Qxc5
{[%clk 0:15:00]} Bxc5 {[%clk 0:13:50]} 44. Kh1 {[%clk 0:15:29]} Kf8
{[%clk 0:11:16]} 45. Rc7 {[%clk 0:14:56]} Rf1+ {[%clk 0:07:41]} 46. Kg2
{[%clk 0:15:15]} Rf2+ {[%clk 0:08:05]} 47. Kh1 {[%clk 0:14:44]} Bd6
{[%clk 0:06:15]} 48. Rxc4 {[%clk 0:15:01]} Rh2+ {[%clk 0:06:38]} 49. Kg1
{[%clk 0:15:28]} Rxh3 {[%clk 0:07:02]} 50. Rc2 {[%clk 0:11:10]} Rh4
{[%clk 0:06:21]} 51. Rc4 {[%clk 0:09:58]} Kf7 {[%clk 0:06:37]} 52. Re4
{[%clk 0:09:06]} Rh3 {[%clk 0:06:03]} 53. Re2 {[%clk 0:08:54]} Rb3
{[%clk 0:06:09]} 54. Kg2 {[%clk 0:08:48]} Bb8 {[%clk 0:05:04]} 55. Kf2
{[%clk 0:07:48]} Ba7+ {[%clk 0:04:04]} 56. Kg2 {[%clk 0:08:16]} Rb4
{[%clk 0:04:28]} 57. Kh3 {[%clk 0:07:32]} Bd4 {[%clk 0:04:03]} 58. Ng3
{[%clk 0:06:39]} Bxb2 {[%clk 0:04:28]} 59. Nf5 {[%clk 0:06:28]} Rb6
{[%clk 0:04:52]} 60. Re7+ {[%clk 0:05:13]} Kg6 {[%clk 0:04:49]} 61. Rd7
{[%clk 0:04:54]} Rb3+ {[%clk 0:02:21]} 62. Kg2 {[%clk 0:05:22]} Be5
{[%clk 0:02:41]} 63. Re7 {[%clk 0:04:17]} Bf6 {[%clk 0:03:04]} 64. Re6
{[%clk 0:02:27]} h5 {[%clk 0:02:48]} 65. Nd6 {[%clk 0:02:21]} hxg4
{[%clk 0:01:20]} 66. Ne8 {[%clk 0:02:09]} Rf3 {[%clk 0:01:42]} 67. Nxf6
{[%clk 0:02:29]} Rxf6 {[%clk 0:02:09]} 68. Re8 {[%clk 0:02:55]} Rf3
{[%clk 0:01:46]} 69. Rg8+ {[%clk 0:03:04]} Kh6 {[%clk 0:02:04]} 70. Rh8+
{[%clk 0:03:19]} Kg7 {[%clk 0:02:28]} 71. Ra8 {[%clk 0:03:43]} Kf7
{[%clk 0:01:22]} 72. Ra6 {[%clk 0:04:03]} Rf6 {[%clk 0:01:43]} 73. Ra4
{[%clk 0:04:23]} Rf4 {[%clk 0:02:07]} 74. Ra6 {[%clk 0:04:49]} Rf6
{[%clk 0:02:30]} 1/2-1/2

[Event "2013"]
[Site "?"]
[Date "2013.04.23"]
[Round "3.1"]
[White "Andreikin, Dmitry"]
[Black "Dominguez Perez, Leinier"]
[Result "1/2-1/2"]
[LiveChessVersion "1.3.1"]
[BlackElo "2723"]
[WhiteElo "2727"]

1. e4 {[%clk 1:30:16]} c5 {[%clk 1:30:28]} 2. Nf3 {[%clk 1:30:40]} d6
{[%clk 1:30:54]} 3. d4 {[%clk 1:31:02]} cxd4 {[%clk 1:31:17]} 4. Qxd4
{[%clk 1:31:25]} Nc6 {[%clk 1:31:22]} 5. Bb5 {[%clk 1:31:46]} Bd7
{[%clk 1:31:51]} 6. Qd3 {[%clk 1:23:25]} g6 {[%clk 1:18:02]} 7. c4
{[%clk 1:20:59]} Bg7 {[%clk 1:17:35]} 8. O-O {[%clk 1:20:41]} Nf6
{[%clk 1:17:08]} 9. Nc3 {[%clk 1:21:05]} O-O {[%clk 1:17:20]} 10. Bxc6
{[%clk 1:14:32]} Bxc6 {[%clk 1:15:46]} 11. Nd4 {[%clk 1:14:30]} Rc8
{[%clk 1:09:20]} 12. b3 {[%clk 1:05:54]} Nxe4 {[%clk 0:49:10]} 13. Nxe4
{[%clk 1:00:05]} d5 {[%clk 0:49:27]} 14. Nxc6 {[%clk 1:00:10]} Rxc6
{[%clk 0:49:42]} 15. Rb1 {[%clk 0:58:19]} dxe4 {[%clk 0:47:30]} 16. Qxe4
{[%clk 0:58:44]} Qd6 {[%clk 0:37:13]} 17. Bg5 {[%clk 0:53:23]} Bf6
{[%clk 0:23:13]} 18. Rbd1 {[%clk 0:47:26]} Qc7 {[%clk 0:22:54]} 19. Bf4
{[%clk 0:41:25]} Qc8 {[%clk 0:22:57]} 20. h3 {[%clk 0:38:02]} h5 {[%clk 0:21:24]}
21. Rd5 {[%clk 0:32:14]} a6 {[%clk 0:19:53]} 22. Rfd1 {[%clk 0:30:14]} e6
{[%clk 0:19:35]} 23. R5d3 {[%clk 0:25:54]} Re8 {[%clk 0:15:39]} 24. Bd6
{[%clk 0:24:38]} e5 {[%clk 0:15:06]} 25. c5 {[%clk 0:23:45]} Qe6 {[%clk 0:12:53]}
26. Qb4 {[%clk 0:16:30]} Qc8 {[%clk 0:13:13]} 27. Qe4 {[%clk 0:16:05]} Qe6
{[%clk 0:12:42]} 28. a4 {[%clk 0:16:16]} Be7 {[%clk 0:11:05]} 29. b4
{[%clk 0:16:30]} Bxd6 {[%clk 0:10:08]} 30. Rxd6 {[%clk 0:16:50]} Qc8
{[%clk 0:07:15]} 31. a5 {[%clk 0:09:48]} Rc7 {[%clk 0:06:48]} 32. g4
{[%clk 0:09:18]} hxg4 {[%clk 0:06:52]} 33. hxg4 {[%clk 0:09:44]} Rce7
{[%clk 0:06:00]} 34. Kg2 {[%clk 0:07:35]} Kg7 {[%clk 0:06:18]} 35. Qf3
{[%clk 0:07:17]} Re6 {[%clk 0:05:26]} 36. Rd7 {[%clk 0:03:24]} R6e7
{[%clk 0:05:54]} 37. R7d6 {[%clk 0:02:10]} Re6 {[%clk 0:06:23]} 38. g5 Rxd6
{[%clk 0:03:53]} 39. Rxd6 {[%clk 0:01:13]} e4 {[%clk 0:02:49]} 40. Qf4
{[%clk 0:31:19]} Kg8 {[%clk 0:32:18]} 41. Kg3 {[%clk 0:29:59]} Re7
{[%clk 0:24:42]} 42. Qf6 {[%clk 0:25:43]} Re8 {[%clk 0:24:16]} 43. Rd1
{[%clk 0:18:32]} Qc7+ {[%clk 0:24:29]} 44. Qd6 {[%clk 0:18:04]} Qc8
{[%clk 0:24:27]} 45. Qd7 {[%clk 0:08:26]} Qb8+ {[%clk 0:24:41]} 46. Qd6
{[%clk 0:08:37]} Qc8 {[%clk 0:25:07]} 47. Qf6 {[%clk 0:07:35]} Qc7+
{[%clk 0:24:51]} 48. Qf4 {[%clk 0:06:13]} Qc6 {[%clk 0:19:53]} 49. Qf6
{[%clk 0:05:08]} 1/2-1/2

[Event "2013"]
[Site "?"]
[Date "2013.04.23"]
[Round "3.2"]
[White "Inarkiev, Ernesto"]
[Black "Quesada Perez, Yuniesky"]
[Result "1/2-1/2"]
[LiveChessVersion "1.3.1"]
[BlackElo "2608"]
[WhiteElo "2688"]

1. e4 {[%clk 1:30:55]} e5 {[%clk 1:28:00]} 2. Nf3 {[%clk 1:31:17]} Nc6
{[%clk 1:28:26]} 3. Bb5 {[%clk 1:31:17]} Nf6 {[%clk 1:28:48]} 4. O-O
{[%clk 1:31:41]} Nxe4 {[%clk 1:29:11]} 5. d4 {[%clk 1:32:07]} Nd6
{[%clk 1:29:35]} 6. Bxc6 {[%clk 1:32:32]} dxc6 {[%clk 1:30:01]} 7. dxe5
{[%clk 1:32:58]} Nf5 {[%clk 1:30:26]} 8. Qxd8+ {[%clk 1:33:23]} Kxd8
{[%clk 1:30:52]} 9. Rd1+ {[%clk 1:33:26]} Ke8 {[%clk 1:31:09]} 10. Nc3
{[%clk 1:33:50]} Ne7 {[%clk 1:30:40]} 11. h3 {[%clk 1:34:05]} Ng6
{[%clk 1:30:59]} 12. Ne2 {[%clk 1:27:30]} Be7 {[%clk 1:27:27]} 13. b3
{[%clk 1:23:32]} Bd7 {[%clk 1:26:20]} 14. Bb2 {[%clk 1:19:35]} Rd8
{[%clk 1:26:00]} 15. c4 {[%clk 1:14:00]} h5 {[%clk 1:21:38]} 16. Ne1
{[%clk 1:10:04]} Bc8 {[%clk 1:20:02]} 17. Rxd8+ {[%clk 1:07:08]} Bxd8
{[%clk 1:16:48]} 18. f4 {[%clk 1:03:03]} Ne7 {[%clk 1:10:02]} 19. Nc2
{[%clk 0:52:24]} Nf5 {[%clk 1:02:44]} 20. Ncd4 {[%clk 0:48:43]} Be7
{[%clk 0:39:32]} 21. Nxf5 {[%clk 0:47:07]} Bxf5 {[%clk 0:39:58]} 22. Rd1
{[%clk 0:46:17]} h4 {[%clk 0:39:24]} 23. Kf2 {[%clk 0:44:58]} Rh6
{[%clk 0:34:16]} 24. Bd4 {[%clk 0:41:14]} c5 {[%clk 0:28:30]} 25. Be3
{[%clk 0:41:26]} b6 {[%clk 0:24:49]} 26. Kf3 {[%clk 0:39:33]} f6 {[%clk 0:22:57]}
27. Nc3 {[%clk 0:27:59]} Bd8 {[%clk 0:22:04]} 28. Ne4 {[%clk 0:26:07]} Rh8
{[%clk 0:18:54]} 29. Rd2 {[%clk 0:12:10]} Kf7 {[%clk 0:17:14]} 30. Bf2
{[%clk 0:08:34]} Be7 {[%clk 0:11:49]} 31. Nc3 {[%clk 0:05:55]} fxe5
{[%clk 0:10:02]} 32. fxe5 {[%clk 0:06:14]} c6 {[%clk 0:09:22]} 33. Be3
{[%clk 0:02:48]} Ke6 {[%clk 0:06:17]} 34. Bf4 {[%clk 0:03:15]} g5
{[%clk 0:05:21]} 35. Bh2 {[%clk 0:03:28]} Rf8 {[%clk 0:03:06]} 36. Ke3
{[%clk 0:03:37]} g4 {[%clk 0:03:20]} 37. hxg4 {[%clk 0:02:59]} Bxg4
{[%clk 0:03:45]} 38. Bf4 {[%clk 0:03:06]} Bf5 {[%clk 0:03:24]} 39. Ne4
{[%clk 0:02:14]} Rg8 {[%clk 0:03:46]} 40. Nf6 {[%clk 0:31:54]} Rf8
{[%clk 0:31:21]} 41. Bg5 {[%clk 0:19:28]} Rd8 {[%clk 0:29:18]} 42. Bxh4
{[%clk 0:18:53]} Rxd2 {[%clk 0:29:34]} 43. Kxd2 {[%clk 0:19:19]} Kxe5
{[%clk 0:29:09]} 44. Ng4+ {[%clk 0:18:19]} Bxg4 {[%clk 0:29:06]} 45. Bxe7
{[%clk 0:18:43]} Bf5 {[%clk 0:29:07]} 46. Kc3 {[%clk 0:18:51]} Ke6
{[%clk 0:28:32]} 47. Bh4 {[%clk 0:19:14]} Kd7 {[%clk 0:28:42]} 48. Bg5
{[%clk 0:19:37]} 1/2-1/2

[Event "2013"]
[Site "?"]
[Date "2013.04.23"]
[Round "3.3"]
[White "Almasi, Zoltan"]
[Black "Harikrishna, P."]
[Result "1-0"]
[LiveChessVersion "1.3.1"]
[BlackElo "2705"]
[WhiteElo "2689"]

1. e4 c5 {[%clk 1:29:44]} 2. Nf3 {[%clk 1:31:19]} d6 {[%clk 1:30:10]} 3. d4
{[%clk 1:31:43]} cxd4 4. Nxd4 {[%clk 1:32:08]} Nf6 {[%clk 1:31:01]} 5. Nc3
{[%clk 1:32:34]} a6 {[%clk 1:31:52]} 6. Bg5 {[%clk 1:27:25]} Nbd7
{[%clk 1:31:33]} 7. Qe2 {[%clk 1:17:48]} h6 {[%clk 1:31:56]} 8. Bh4
{[%clk 1:10:34]} g6 9. f4 {[%clk 1:10:52]} e5 {[%clk 1:31:43]} 10. Nf3
{[%clk 1:10:28]} Qc7 {[%clk 0:57:16]} 11. O-O-O {[%clk 0:37:01]} b5 12. Nd5
{[%clk 0:37:30]} Nxd5 {[%clk 0:57:34]} 13. exd5 {[%clk 0:32:08]} Bg7
{[%clk 0:51:40]} 14. fxe5 {[%clk 0:31:17]} dxe5 {[%clk 0:51:17]} 15. d6
{[%clk 0:28:07]} Qa5 {[%clk 0:51:17]} 16. Kb1 {[%clk 0:28:02]} O-O 17. Be7
{[%clk 0:27:14]} Re8 {[%clk 0:45:00]} 18. g3 {[%clk 0:26:34]} Nb6
{[%clk 0:36:35]} 19. Nd2 Nc4 20. Nb3 Qb6 {[%clk 0:36:29]} 21. Bg2
{[%clk 0:19:24]} Ra7 {[%clk 0:30:34]} 22. Bd5 Raxe7 {[%clk 0:30:41]} 23. dxe7
{[%clk 0:18:52]} Ne3 {[%clk 0:30:08]} 24. Rd3 {[%clk 0:13:23]} Nxd5
{[%clk 0:30:19]} 25. Rxd5 {[%clk 0:12:18]} Rxe7 {[%clk 0:29:42]} 26. Rhd1
{[%clk 0:08:20]} Kh7 {[%clk 0:26:34]} 27. Nc5 {[%clk 0:06:44]} e4 28. Nd7
{[%clk 0:07:07]} Qb7 {[%clk 0:23:24]} 29. Nc5 {[%clk 0:06:48]} Qc6 30. Qe3
{[%clk 0:07:08]} Qf6 {[%clk 0:22:28]} 31. c3 {[%clk 0:06:21]} b4 32. Rd6
{[%clk 0:06:17]} Qf3 {[%clk 0:22:27]} 33. Re1 {[%clk 0:05:27]} bxc3 34. Qxf3
{[%clk 0:05:54]} exf3 {[%clk 0:21:36]} 35. Rxe7 {[%clk 0:06:14]} Bf5+
{[%clk 0:20:03]} 36. Ne4 {[%clk 0:06:09]} Kg8 37. Re8+ 1-0